00567nam a2200169Ia 4500008004100000100001700041245009300058245001700151260005900168260000900227300001000236650001800246650001500264856002600279999001900305952007300324170221s9999 xx 000 0 und d aIsaac Nunoo. aDeterminants of News Selection in the Ghanaian Print Media: A Study of the Daily Graphic cIsaac Nunoo. bOnline Journal of Communication and Media Technologies c2016 a6 : 3 xCommunication xMedia Arts uhttp://www.ojcmt.net/ c306788d306788 001040aCLbCLd2017-02-21l0r2017-02-21 00:00:00w2017-02-21yFOJ